000 00629cam a22001457 4500
082 _a891.4391
_bIQB
_cL-29, P-158
100 1 _aIqbal, Muhammad,
_99
245 0 4 _aThe Devil's conference (Iblis ki majlis-i-shura)
_ba highly thought-stimulating poem.
_cTranslated from the original Urdu with introd. and annotations by Muhammad Ashraf with a foreword by Muhammad Razi-ud-Din Siddiqi, and an introd. by Sir Shaikh ʻAbdul Qadir.
250 _a[1st ed.]
260 _aGujrat (Pakistan),
_bUrdu House,
_c1371 H. [i.e. 1951]
300 _a158 p.
526 _a0
_b0
_c0
_d891_439100000000000_IQB
650 _aMCE
_9379
942 _2ddc
_cBK
999 _c549433
_d549433